| 000 | 00390nam a2200145 a 4500 | ||
|---|---|---|---|
| 005 | 20140414093847.0 | ||
| 008 | 110221s19uu xx uuu eng d | ||
| 050 |
_aVHS 400OR _bAs7 2002 |
||
| 100 | _aASCD | ||
| 245 |
_aReading in the content areas : _bPrereading strategies #1 / _cASCD. |
||
| 260 |
_aUSA : _bASCD, _c2002. |
||
| 650 | _aEnglish language | ||
| 942 | _cAVM | ||
| 999 |
_c109697 _d109697 |
||